| 000 | 01235nam a22003737a 4500 | ||
|---|---|---|---|
| 001 | BR8403655 | ||
| 003 | BR-BrBNA | ||
| 005 | 20230928091956.0 | ||
| 007 | ta | ||
| 008 | 230509b bl.||||| |||| 00| 0 por d | ||
| 040 |
_aBR-BrBNA _bpor _cBiblioteca Nacional de Agricultura |
||
| 041 | _a(Por) | ||
| 072 |
_aK20; K10; E30 _b/G514 |
||
| 090 | _ K20 BR8403655 | ||
| 110 | 1 |
_aComissao Estadual de Planejamento Agricola, Salvador, BA (Brasil) _92061 |
|
| 245 | 1 | _aReflorestamento - Area prioritaria do litoral norte - Proposta para ampliacao [floresta, reflorestamento, economia agricola, politica agricola, Bahia, Brasil] | |
| 260 | 3 |
_aSalvador, BA (Brasil): _c1981. |
|
| 300 | _a199 p. | ||
| 500 | _a34 ref.; 7 illus.; Numerical data; 22 Maps, scale 1:200,000. (*) Documento disponível na(o) BEAGRI, Salvador, BA (Brazil) | ||
| 650 | _aREFLORESTAMENTO | ||
| 650 | _aFLORESTA | ||
| 650 | _aPOLITICA FLORESTAL | ||
| 650 | _aCLIMA | ||
| 650 | _aSOLO | ||
| 650 | _aHIDROGRAFIA | ||
| 650 | _aGEOLOGIA | ||
| 650 | _aVEGETACAO | ||
| 650 | _aDESENVOLVIMENTO RURAL | ||
| 650 | _aECONOMIA AGRICOLA | ||
| 650 | _aPOLITICA AGRICOLA | ||
| 650 | _aREGIAO NORDESTE | ||
| 909 |
_a202309 _bLucia _c55 _dLucia Elande |
||
| 942 | _cBK | ||
| 999 |
_c36502 _d36502 |
||